000 00607nam a2200157 a 4500
001 000016617
005 20200929164934.0
008 100308s20uu dr ac r 001 0 spa d
040 _aDO-SdBNP
_bspa
_cBNPHU
082 _axxxx
_bR425s
245 1 0 _aReportajes de la Secretaría de Estado de Educación y Cultura /
_cprólogo Alvarez Vega; presentación Ligia Amada Melo de Cardona.
260 _aSanto Domingo :
_bSecretaría de Estado de Educación y Cultura,
_c[200?]
_fDe Luxe
300 _a168 p. :
_bil. ;
_c26 cm.
700 1 _aVega, Alvarez,
_epról.
_936920
700 1 _aMelo de Cardona, Ligia Amada
_927174
999 _c16150
_d16150